| 000 | 00778nam a22002177a 4500 | ||
|---|---|---|---|
| 005 | 20180720105939.0 | ||
| 010 | _aB-698579 | ||
| 020 |
_a9789386418548 _c399.00 |
||
| 035 | _aB-698579 | ||
| 037 | _bR K Books | ||
| 082 | _a510.76 | ||
| 100 | _a Richard Ku, | ||
| 245 |
_aBarron's SAT,Subject Test math level-2/ _cRichard Ku, . |
||
| 250 | _a12Th Edition | ||
| 260 |
_aNew Delhi _bNew Age International publishers _c2018 |
||
| 270 |
_a7/30A, Daryaganj _bNew Delhi _e110002 |
||
| 300 |
_avi,353p. _bCD-Rom _c28x21 c.m.(pbk) |
||
| 500 | _aWith CD- Rom | ||
| 942 |
_2ddc _cEN _h510.76 _mRIC |
||
| 999 |
_c154440 _d154440 |
||